Investment policy review : Mozambique.
| Corporate Author: | |
|---|---|
| Format: | Book |
| Published: |
New York:
UNCTAD,
2012.
|
| Subjects: |
| LEADER | 00542cam a2200169 7i4500 | ||
|---|---|---|---|
| 001 | 0000030486 | ||
| 005 | 20131028090000.0 | ||
| 020 | 0 | 0 | |a 9789211128543 |
| 090 | 0 | 0 | |a MOZB 741.692 |b UNI |
| 110 | 2 | 0 | |a United Nations Conference on Trade and Development (UNCTAD) |
| 245 | 1 | 0 | |a Investment policy review : |b Mozambique. |
| 260 | 0 | 0 | |a New York: |b UNCTAD, |c 2012. |
| 300 | # | # | |a 112 p. |
| 650 | 0 | 0 | |a Investment -- |z Mozambique |
| 650 | 0 | 0 | |a Investment policies -- |z Mozambique |
| 651 | 0 | 0 | |a Mozambique |
| 999 | |a 0000032516 |b Book |c Countries |e Business Information Centre | ||


